00339pab a2200133 454500008004000000100002200040245003400062260000900096300001600105362001100121650002400132650001500156773003400171180718b2005 xxu||||| |||| 00| 0 eng d aChakravorti, Robi aMilitarism and money morality c2005 ap.3723-724. a20 Aug aUnited States. Army aMilitarism aEconomic and Political Weekly